[Event "World Blitz 2015"]
[Site "Berlin GER"]
[Date "2015.10.14"]
[Round "19.26"]
[White "Khairullin, Ildar"]
[Black "Nguyen, Ngoc Truong Son"]
[Result "0-1"]
[WhiteTitle "GM"]
[BlackTitle "GM"]
[WhiteElo "2652"]
[BlackElo "2634"]
[WhiteFideId "4151348"]
[BlackFideId "12401110"]
[EventDate "2015.10.13"]

1. d4 Nf6 2. c4 g6 3. Nc3 Bg7 4. e4 d6 5. h3 O-O 6. Be3 a6 7. Nf3 c6 8. Bd3 b5
9. O-O bxc4 10. Bxc4 d5 11. Bd3 dxe4 12. Nxe4 Nxe4 13. Bxe4 Be6 14. Qc2 Bd5 15.
Ne5 Bxe4 16. Qxe4 Qd5 17. Qxd5 cxd5 18. Rfc1 Ra7 19. Rc5 e6 20. Rac1 Nd7 21.
Nxd7 Rxd7 22. Ra5 Ra8 23. Rc6 Rda7 24. Ra4 Kf8 25. Bf4 Ke8 26. Bd6 Rb7 27. Ba3
Kd7 28. Rd6+ Kc7 29. Rdxa6 Rxa6 30. Rxa6 Bxd4 31. b3 Kd7 32. Bd6 e5 33. Kf1 f5
34. Ke2 e4 35. Bf4 Bc5 36. g4 d4 37. gxf5 gxf5 38. f3 d3+ 39. Kd2 Bb4+ 40. Kd1
exf3 41. Be3 Rb8 42. Rf6 Re8 43. Bd2 f2 0-1

[Event "World Blitz 2015"]
[Site "Berlin GER"]
[Date "2015.10.14"]
[Round "19.27"]
[White "Swiercz, Dariusz"]
[Black "Ponkratov, Pavel"]
[Result "0-1"]
[WhiteTitle "GM"]
[BlackTitle "GM"]
[WhiteElo "2620"]
[BlackElo "2604"]
[WhiteFideId "1126881"]
[BlackFideId "4157800"]
[EventDate "2015.10.13"]

1. c4 Nf6 2. g3 e5 3. Bg2 d5 4. cxd5 Nxd5 5. Nc3 Nb6 6. Nf3 Nc6 7. O-O Be7 8. a3
g5 9. d3 g4 10. Nd2 h5 11. b4 h4 12. Bb2 hxg3 13. fxg3 Bg5 14. Nc4 Nxc4 15. dxc4
Be3+ 16. Kh1 Qg5 17. h3 Rxh3+ 18. Bxh3 Qh6 19. Rf2 Bxf2 20. Qf1 Bd4 21. Nd5 Bxb2
22. Nxc7+ Kd8 23. Rd1+ Kxc7 24. Qxf7+ Kb8 25. Kg1 Bd4+ 26. Rxd4 Qe3+ 27. Kh2
gxh3 0-1

[Event "World Blitz 2015"]
[Site "Berlin GER"]
[Date "2015.10.14"]
[Round "19.28"]
[White "Morozevich, Alexander"]
[Black "Ragger, Markus"]
[Result "0-1"]
[WhiteTitle "GM"]
[BlackTitle "GM"]
[WhiteElo "2711"]
[BlackElo "2698"]
[WhiteFideId "4116992"]
[BlackFideId "1610856"]
[EventDate "2015.10.13"]

1. e4 e5 2. Nf3 Nc6 3. d4 exd4 4. Nxd4 Nf6 5. Nxc6 bxc6 6. e5 Qe7 7. Qe2 Nd5 8.
h4 a5 9. Nd2 Ba6 10. c4 Nb6 11. g3 a4 12. Bh3 f6 13. e6 d5 14. b3 Qd6 15. O-O
Be7 16. Nf3 dxc4 17. Rd1 cxb3 18. Qe1 Qb4 19. Bd2 Qc4 20. axb3 axb3 21. Rab1 Qe2
22. Rxb3 Qxe1+ 23. Rxe1 Bc4 24. Rb2 Bd5 25. Nd4 Nc4 26. Bc3 Nxb2 27. Bxb2 g6 28.
h5 O-O 29. hxg6 hxg6 30. Ne2 Rfb8 31. Bd4 Kg7 32. Nf4 Ra4 33. Be3 Rab4 34. Bf1
Rb1 35. Nxd5 cxd5 36. Re2 R8b2 37. Bd2 c5 38. Kg2 d4 39. Bf4 Rxe2 40. Bxe2 Rb4
41. g4 g5 42. Bc7 c4 43. Ba5 Ra4 44. Bb6 d3 45. Bf3 c3 46. Be3 c2 47. Bd2 Ra1
48. Be4 Rd1 49. Be3 c1=Q 50. Bxc1 Rxc1 51. Bxd3 Rd1 52. Bf5 Rd2 53. Kf3 Bc5 54.
Ke4 Rxf2 55. Kd5 Be7 56. Kc6 Rd2 57. Kb5 Kf8 58. Kc4 Bd6 59. Kc3 Bf4 60. Kc4 Ke7
61. Kc5 Be5 62. Kc6 Rf2 63. Kd5 Rf4 64. Kc5 Bd6+ 65. Kd5 Rf1 66. Ke4 Re1+ 67.
Kd5 Re5+ 68. Kd4 Rxe6 69. Bxe6 Kxe6 0-1

[Event "World Blitz 2015"]
[Site "Berlin GER"]
[Date "2015.10.14"]
[Round "19.29"]
[White "Leko, Peter"]
[Black "Bachmann, Axel"]
[Result "1/2-1/2"]
[WhiteTitle "GM"]
[BlackTitle "GM"]
[WhiteElo "2707"]
[BlackElo "2593"]
[WhiteFideId "703303"]
[BlackFideId "3700488"]
[EventDate "2015.10.13"]

1. e4 e5 2. Nf3 Nc6 3. Bb5 a6 4. Ba4 Nf6 5. O-O b5 6. Bb3 Bc5 7. a4 Bb7 8. d3
O-O 9. Nc3 b4 10. Nd5 h6 11. a5 d6 12. Be3 Nd7 13. c3 bxc3 14. bxc3 Rb8 15. Bc4
Bxe3 16. Nxe3 Kh7 17. Qc2 Ne7 18. d4 Ng6 19. g3 Nf6 20. Bd3 Qc8 21. Rfe1 Bc6 22.
Nd2 Bb5 23. Rab1 Qd7 24. d5 Bxd3 25. Qxd3 Rxb1 26. Rxb1 Qa4 27. Qxa6 Nxe4 28.
Nxe4 Qxe4 29. Rb4 Qf3 30. Qd3 Ra8 31. Ra4 e4 32. Qd1 Qf6 33. Qd4 Qf3 34. a6 Ne5
35. a7 Nd3 36. Qxe4+ Qxe4 37. Rxe4 Rxa7 38. Re7 Kg6 39. h4 Kf6 40. Re8 Ra1+ 41.
Kg2 Ra2 42. Ng4+ Kf5 43. Kf3 h5 44. Ne3+ Kg6 45. Re7 Rxf2+ 46. Ke4 Nc5+ 47. Kd4
Rd2+ 48. Kc4 Rd3 49. Nc2 Rxg3 50. Rxc7 Rg4+ 51. Nd4 Rxh4 52. Rc6 Ne4 53. Kd3 Rg4
54. Nb5 Nc5+ 55. Ke3 f6 56. Nxd6 Nd7 57. c4 Ne5 58. Rc7 h4 59. Ne4 h3 60. Nf2
Rxc4 61. d6 h2 62. d7 Rxc7 63. d8=Q Ng4+ 64. Nxg4 Rc3+ 65. Kd2 h1=Q 66. Kxc3
Qf3+ 67. Qd3+ Qxd3+ 68. Kxd3 Kg5 69. Nf2 1/2-1/2

[Event "World Blitz 2015"]
[Site "Berlin GER"]
[Date "2015.10.14"]
[Round "19.30"]
[White "Jumabayev, Rinat"]
[Black "Savchenko, Boris"]
[Result "0-1"]
[WhiteTitle "GM"]
[BlackTitle "GM"]
[WhiteElo "2606"]
[BlackElo "2567"]
[WhiteFideId "13702661"]
[BlackFideId "4147332"]
[EventDate "2015.10.13"]

1. Nf3 d5 2. g3 Bf5 3. Bg2 e6 4. O-O Nf6 5. c4 Na6 6. b3 Be7 7. Bb2 O-O 8. Nc3
d4 9. Nb5 c5 10. d3 Nd7 11. e3 e5 12. exd4 cxd4 13. Re1 f6 14. Nh4 Be6 15. Bxb7
Ndc5 16. Bg2 Nb4 17. Bf1 a6 18. Nxd4 exd4 19. a3 Nc6 20. b4 Rb8 21. Bc1 Ne5 22.
bxc5 Qa5 23. Bd2 Qxc5 24. Bb4 Qc7 25. Bxe7 Qxe7 26. f4 g5 27. Ng2 gxf4 28. Nxf4
Rb2 29. Rb1 Rfb8 30. Rxb2 Rxb2 31. Bg2 Bf7 32. Re2 Qxa3 33. Rxb2 Qxb2 34. Bd5
Bxd5 35. Nxd5 Kg7 36. Qf1 Ng4 37. Qg2 Qc1+ 38. Qf1 Qc2 39. Qf5 Qxh2+ 40. Kf1
Qh1+ 41. Ke2 Qg2+ 42. Kd1 Qxg3 43. Kd2 Qg2+ 44. Kc1 Qh1+ 45. Kb2 h5 46. Nf4 Qh2+
47. Kb3 Kf8 48. Nxh5 Qb8+ 49. Ka3 Qd6+ 50. c5 Qc6 51. Qxg4 Qxc5+ 52. Kb2 Qc3+
53. Kb1 Qb3+ 54. Kc1 Qc3+ 55. Kd1 Qxd3+ 56. Ke1 Qe3+ 57. Kf1 Qe5 58. Nf4 Qb5+
59. Kf2 Qb2+ 60. Kg3 Qb3+ 61. Kh4 Ke7 62. Qg7+ Qf7 63. Qg4 Kd6 64. Qf5 Kc6 65.
Ne6 Qd7 66. Qc5+ Kb7 67. Qb4+ Ka7 68. Nc5 Qd5 69. Qa5 Qc6 70. Qb4 Qd5 71. Qa5
Qd6 72. Qb4 Qf4+ 73. Kh3 Qf3+ 74. Kh2 d3 75. Qd4 Qe2+ 76. Kg3 Qe1+ 77. Kf4 Qh4+
78. Ke3 Qxd4+ 0-1

[Event "World Blitz 2015"]
[Site "Berlin GER"]
[Date "2015.10.14"]
[Round "19.31"]
[White "Sasikiran, Krishnan"]
[Black "Bruzon Batista, Lazaro"]
[Result "1-0"]
[WhiteTitle "GM"]
[BlackTitle "GM"]
[WhiteElo "2639"]
[BlackElo "2659"]
[WhiteFideId "5004985"]
[BlackFideId "3503739"]
[EventDate "2015.10.13"]

1. e4 c5 2. Nf3 e6 3. g3 Nc6 4. Bg2 Nf6 5. d3 d5 6. Nbd2 g6 7. O-O Bg7 8. Re1
O-O 9. exd5 Nxd5 10. a3 b6 11. Rb1 Bb7 12. Ne4 a5 13. h4 h6 14. a4 Qc7 15. c3
Rad8 16. Bd2 Ba6 17. Bf1 Nde7 18. Qc2 Nf5 19. Rbd1 Rd7 20. Bf4 e5 21. Bc1 Nd6
22. Nfd2 f5 23. Nxd6 Rxd6 24. Qb3+ Kh7 25. Nc4 Bxc4 26. Qxc4 Qd7 27. Qb3 Rd8 28.
Be2 h5 29. Bg5 Rb8 30. Qb5 Qc7 31. Bf3 Nd8 32. d4 cxd4 33. cxd4 e4 34. Bg2 Ne6
35. d5 Nc5 36. Bf4 Rbd8 37. Bxd6 Rxd6 38. Bf1 Qd8 39. b4 axb4 40. Qxb4 f4 41.
Rxe4 Nxe4 42. Qxe4 fxg3 43. fxg3 Qc7 44. Kg2 Rd7 45. Bd3 Rd6 46. Qf3 Kh8 47. Re1
Qd7 48. Re2 Qd8 49. Re6 Rxd5 50. Bxg6 Qd7 51. Re2 Re5 52. Rxe5 Bxe5 53. Qxh5+ 1-0

[Event "World Blitz 2015"]
[Site "Berlin GER"]
[Date "2015.10.14"]
[Round "19.32"]
[White "Edouard, Romain"]
[Black "Grandelius, Nils"]
[Result "1-0"]
[WhiteTitle "GM"]
[BlackTitle "GM"]
[WhiteElo "2636"]
[BlackElo "2647"]
[WhiteFideId "633429"]
[BlackFideId "1710400"]
[EventDate "2015.10.13"]

1. Nf3 d5 2. b3 Bg4 3. Bb2 e6 4. h3 Bh5 5. e3 Nf6 6. g4 Bg6 7. Ne5 Nfd7 8. Nxg6
hxg6 9. Bg2 Nc6 10. d3 g5 11. Nd2 Nce5 12. Qe2 Ng6 13. Nf3 Bb4+ 14. c3 Bd6 15.
O-O-O a5 16. c4 Rh7 17. cxd5 exd5 18. Nd4 c6 19. Nf5 Be5 20. d4 Bc7 21. f4 a4
22. Kb1 axb3 23. axb3 gxf4 24. e4 dxe4 25. Bxe4 Kf8 26. d5 cxd5 27. Bxd5 Be5 28.
Bxf7 Qa5 29. Rxd7 Qa2+ 30. Kc1 f3 31. Qc2 Bxb2+ 32. Qxb2 Qa1+ 33. Qxa1 Rxa1+ 34.
Kb2 Rxh1 35. Bxg6 Rh2+ 36. Ka3 1-0

[Event "World Blitz 2015"]
[Site "Berlin GER"]
[Date "2015.10.14"]
[Round "19.33"]
[White "Eljanov, Pavel"]
[Black "Bluebaum, Matthias"]
[Result "1/2-1/2"]
[WhiteTitle "GM"]
[BlackTitle "GM"]
[WhiteElo "2717"]
[BlackElo "2588"]
[WhiteFideId "14102951"]
[BlackFideId "24651516"]
[EventDate "2015.10.13"]

1. d4 d5 2. Bf4 c5 3. e3 Nc6 4. c3 Nf6 5. Nd2 Bf5 6. Ngf3 Qb6 7. Qb3 c4 8. Qxb6
axb6 9. a3 h6 10. Be2 b5 11. O-O e6 12. Ne5 Nxe5 13. dxe5 Nd7 14. Nf3 Bg4 15.
Nd4 Bxe2 16. Nxe2 Nc5 17. Nd4 Ra5 18. Bg3 Be7 19. f3 O-O 20. Rad1 Nd3 21. Rd2
Bc5 22. Bh4 Ra6 23. f4 f6 24. exf6 gxf6 25. Re2 e5 26. fxe5 fxe5 27. Rxf8+ Bxf8
28. Nxb5 Rb6 29. a4 Ra6 30. h3 Rxa4 31. Nc7 Ra5 32. Bg3 Bd6 33. Ne6 Ra2 34. e4
Rxb2 35. Rxb2 Nxb2 36. exd5 Na4 37. Be1 Nb6 38. Kf2 Nxd5 39. Kf3 Nf6 40. Bh4 Nd5
41. Be1 Nf6 42. Bh4 e4+ 43. Ke3 Nd5+ 44. Kd4 Nf4 45. Nxf4 Bxf4 46. Kxe4 Bd2 47.
Bf6 b5 48. Bd4 b4 49. cxb4 Bxb4 50. g4 Kf7 51. Be3 Kg6 52. Kd4 h5 1/2-1/2

[Event "World Blitz 2015"]
[Site "Berlin GER"]
[Date "2015.10.14"]
[Round "19.34"]
[White "Moiseenko, Alexander"]
[Black "Movsesian, Sergei"]
[Result "0-1"]
[WhiteTitle "GM"]
[BlackTitle "GM"]
[WhiteElo "2692"]
[BlackElo "2658"]
[WhiteFideId "14102560"]
[BlackFideId "310204"]
[EventDate "2015.10.13"]

1. d4 Nf6 2. c4 d6 3. Nc3 Nbd7 4. Nf3 e5 5. Bg5 Be7 6. e3 c6 7. Bd3 O-O 8. O-O
Re8 9. Qc2 h6 10. Bxf6 Bxf6 11. Rad1 exd4 12. Nxd4 Bxd4 13. exd4 Nf6 14. h3 Qb6
15. Ne4 Nxe4 16. Bxe4 Bd7 17. Rfe1 Qa5 18. Qb1 Kf8 19. d5 c5 20. b3 Re5 21. f4
Re7 22. Bf3 Bf5 23. Qc1 Rae8 24. Rxe7 Rxe7 25. Qd2 Qxd2 26. Rxd2 Re1+ 27. Kf2
Ra1 28. Bd1 Bb1 29. a4 Be4 30. g4 f5 31. Ke3 Ke7 32. h4 Rc1 33. gxf5 Bxf5 34.
Kf2 Kf6 35. h5 Rc3 36. Kg2 Be4+ 37. Kf2 Kf5 38. Ke1 Re3+ 39. Kf2 Rh3 40. Re2
Kxf4 41. Ke1 Rh1+ 42. Kd2 Rxd1+ 43. Kxd1 Bf3 44. Kd2 Bxe2 45. Kxe2 Kg4 46. Ke3
Kxh5 47. Kf4 Kg6 0-1

[Event "World Blitz 2015"]
[Site "Berlin GER"]
[Date "2015.10.14"]
[Round "19.35"]
[White "Munoz Pantoja, Miguel"]
[Black "Cheparinov, Ivan"]
[Result "1/2-1/2"]
[WhiteTitle "GM"]
[BlackTitle "GM"]
[WhiteElo "2441"]
[BlackElo "2681"]
[WhiteFideId "3800229"]
[BlackFideId "2905540"]
[EventDate "2015.10.13"]

1. e4 c5 2. g3 d5 3. exd5 Qxd5 4. Nf3 Nc6 5. Nc3 Qd8 6. Bg2 Nf6 7. O-O g6 8. d3
Bg7 9. Be3 Nd4 10. Bxd4 cxd4 11. Ne2 Ng4 12. c3 dxc3 13. bxc3 O-O 14. h3 Nf6 15.
Re1 Qc7 16. Rc1 Be6 17. Qa4 Bd5 18. c4 Bc6 19. Qa3 e5 20. Nc3 Rfe8 21. Nb5 Bxb5
22. cxb5 Qb6 23. Qb3 e4 24. Ng5 Re7 25. Nxe4 Rae8 26. a4 Nxe4 27. dxe4 Bd4 28.
Re2 Rc7 29. Rxc7 Qxc7 30. Rc2 Qe5 31. Kh2 g5 32. Rd2 Rd8 33. Qf3 b6 34. Bf1 Rd6
35. Qf5 Qxf5 36. exf5 Bc5 37. Rxd6 Bxd6 38. Kg2 Kg7 39. Kf3 Bc5 40. Bc4 Kf6 41.
Ke2 Kxf5 42. Bxf7 h6 43. Kf3 Bd4 44. Bb3 Bc5 45. Bc2+ Kf6 46. Ke2 Ke5 47. Kf3
Kf6 48. Bb1 Bd4 49. Kg2 Ke5 50. Kf1 Bc5 51. Ke2 Kf6 52. f4 gxf4 53. gxf4 Bg1 54.
Kf3 Bh2 55. Ke4 Bg3 56. Bd3 Bh2 57. Kd5 Bxf4 58. Kc6 Bd2 59. Kb7 Ba5 60. Kxa7
Kg7 61. Kb7 Kf6 62. Kc6 Kg7 63. Kd6 Kf6 1/2-1/2

[Event "World Blitz 2015"]
[Site "Berlin GER"]
[Date "2015.10.14"]
[Round "19.36"]
[White "Postny, Evgeny"]
[Black "Rublevsky, Sergei"]
[Result "0-1"]
[WhiteTitle "GM"]
[BlackTitle "GM"]
[WhiteElo "2658"]
[BlackElo "2702"]
[WhiteFideId "2804344"]
[BlackFideId "4115309"]
[EventDate "2015.10.13"]

1. d4 d5 2. c4 c6 3. Nf3 Nf6 4. Nc3 dxc4 5. a4 e6 6. e3 c5 7. Bxc4 cxd4 8. exd4
Nc6 9. O-O Be7 10. Be3 O-O 11. Ne5 Bd7 12. Qf3 Rc8 13. Bb3 Nxe5 14. dxe5 Bc6 15.
Qg3 Ne4 16. Nxe4 Bxe4 17. Rad1 Qc7 18. Bxa7 b6 19. Qe3 Bxg2 20. Bxb6 Qb7 21.
Rfe1 Bh1 22. Qg3 Bh4 23. Qg4 Bf3 24. Qxh4 Bxd1 25. Bxd1 Qxb6 26. b4 Rc1 27. Qe4
g6 28. Bf3 Rxe1+ 29. Qxe1 Rb8 30. b5 Qd4 31. Qe4 Qb2 32. Be2 Rc8 33. a5 Qa1+ 34.
Kg2 Qxa5 35. Qb7 Rc2 36. Bd3 Rd2 37. Be4 Rb2 38. Qb8+ Kg7 39. Bc6 Qd2 40. Qa7
Qg5+ 41. Kf3 Qxe5 42. Kg2 Qg5+ 43. Kf3 Qf5+ 44. Ke3 Qxf2+ 0-1

[Event "World Blitz 2015"]
[Site "Berlin GER"]
[Date "2015.10.14"]
[Round "19.37"]
[White "Fridman, Daniel"]
[Black "Bauer, Christian"]
[Result "1/2-1/2"]
[WhiteTitle "GM"]
[BlackTitle "GM"]
[WhiteElo "2649"]
[BlackElo "2623"]
[WhiteFideId "11600454"]
[BlackFideId "603767"]
[EventDate "2015.10.13"]

1. d4 a6 2. c4 b5 3. e4 Bb7 4. d5 e6 5. Qb3 Nf6 6. e5 Ne4 7. Be3 Nc5 8. Qc2 bxc4
9. dxe6 dxe6 10. Qxc4 Nbd7 11. Qd4 Nb6 12. Nc3 Qxd4 13. Bxd4 O-O-O 14. O-O-O Be7
15. Nf3 g5 16. h3 h5 17. Be3 Rxd1+ 18. Kxd1 Rg8 19. Be2 Ncd7 20. Ne1 Nxe5 21.
Bxh5 Nbc4 22. Bc1 Bc5 23. Rf1 f5 24. Be2 Rd8+ 25. Kc2 f4 26. Nf3 Nxf3 27. gxf3
Ne5 28. Ne4 Be7 29. b3 Nc6 30. Bb2 Nd4+ 31. Bxd4 Rxd4 32. Bd3 Rd8 33. Rg1 Rd5
34. Bc4 Re5 35. Kd3 Bxe4+ 36. fxe4 Kb7 37. f3 Bc5 38. Rg2 Be3 39. Rh2 Bg1 40.
Rg2 Be3 41. a4 a5 42. Kc3 Bc5 43. Kd3 Kc6 44. Ke2 Kd6 45. Rh2 Ke7 46. Rg2 Bd6
47. Rg4 Rc5 48. Kd3 Kf6 49. Kd4 Rc6 50. h4 Be5+ 51. Kd3 Rd6+ 52. Ke2 gxh4 53.
Rxh4 Kg5 54. Rh7 Kf6 55. Rxc7 Rd2+ 56. Kxd2 Bxc7 57. Kc3 Be5+ 58. Kd3 Bd6 59.
Ba6 Ke5 60. Kc4 Bb4 61. Bc8 Kd6 62. Kb5 e5 63. Kc4 1/2-1/2

[Event "World Blitz 2015"]
[Site "Berlin GER"]
[Date "2015.10.14"]
[Round "19.38"]
[White "Anton Guijarro, David"]
[Black "Bindrich, Falko"]
[Result "1-0"]
[WhiteTitle "GM"]
[BlackTitle "GM"]
[WhiteElo "2634"]
[BlackElo "2594"]
[WhiteFideId "2285525"]
[BlackFideId "4676670"]
[EventDate "2015.10.13"]

1. e4 e5 2. Nf3 Nc6 3. Bb5 Nf6 4. d3 Bc5 5. Bxc6 dxc6 6. Be3 Bd6 7. h3 c5 8. O-O
O-O 9. Nbd2 Nd7 10. Nc4 Re8 11. a4 Bf8 12. a5 f6 13. Nh4 Nb8 14. Nf5 Bxf5 15.
exf5 Nc6 16. Qf3 a6 17. Qe4 Qd7 18. Ra3 Rab8 19. Rb3 Nb4 20. c3 Qxd3 21. f3 Qxe4
22. fxe4 Nc6 23. Kf2 Red8 24. Ke2 Kf7 25. g4 Be7 26. h4 h6 27. Rg1 Na7 28. g5
hxg5 29. hxg5 Rh8 30. g6+ Ke8 31. Ra3 Rh2+ 32. Kf3 Kd7 33. Raa1 Rbh8 34. Bf2
R8h3+ 35. Bg3 Rc2 36. Rh1 Rxh1 37. Rxh1 Bf8 38. Ke3 Nb5 39. Kd3 Rg2 40. Rh3 Nd6
41. Nd2 b5 42. axb6 cxb6 43. Ke3 b5 44. Bf2 Rg4 45. Bg3 a5 46. Kf3 Rg5 47. Rh8
Ke7 48. Rh1 a4 49. c4 bxc4 50. Ra1 Rh5 51. Rxa4 Rh1 52. Nxc4 Nxc4 53. Rxc4 Kd7
54. Ra4 Rf1+ 55. Ke2 Rb1 56. Ra7+ Ke8 57. Rb7 c4 58. Be1 Bc5 59. Bc3 Bd4 60.
Rxg7 Bxc3 61. bxc3 Rb2+ 62. Kd1 Rb1+ 63. Kd2 Rb2+ 64. Ke3 Rc2 65. Rf7 Rxc3+ 66.
Kd2 Rd3+ 67. Ke2 Rd4 68. Rxf6 Rxe4+ 69. Kf3 Rf4+ 70. Ke3 Rg4 71. Rc6 Kf8 72. Rc7
Rg5 73. Ke4 1-0

[Event "World Blitz 2015"]
[Site "Berlin GER"]
[Date "2015.10.14"]
[Round "19.39"]
[White "Khismatullin, Denis"]
[Black "Bartel, Mateusz"]
[Result "1-0"]
[WhiteTitle "GM"]
[BlackTitle "GM"]
[WhiteElo "2651"]
[BlackElo "2622"]
[WhiteFideId "4142578"]
[BlackFideId "1112635"]
[EventDate "2015.10.13"]

1. g3 d5 2. Bg2 Nc6 3. d4 Bf5 4. Nf3 Nb4 5. Na3 e6 6. c3 Nc6 7. O-O Bxa3 8. bxa3
Nf6 9. Nh4 Bg6 10. Nxg6 hxg6 11. Rb1 Na5 12. Bg5 O-O 13. e4 dxe4 14. Bxe4 c6 15.
Qf3 Qe7 16. Rb4 Rad8 17. Re1 Rd6 18. h4 Rfd8 19. h5 gxh5 20. Qxh5 b5 21. Qh4 Nc4
22. Kg2 Qe8 23. Rh1 Kf8 24. Bxf6 1-0

[Event "World Blitz 2015"]
[Site "Berlin GER"]
[Date "2015.10.14"]
[Round "19.40"]
[White "Vallejo Pons, Francisco"]
[Black "Al-Sayed, Mohammed"]
[Result "0-1"]
[WhiteTitle "GM"]
[BlackTitle "GM"]
[WhiteElo "2684"]
[BlackElo "2520"]
[WhiteFideId "2205530"]
[BlackFideId "12100196"]
[EventDate "2015.10.13"]

1. e4 c5 2. Ne2 d6 3. g3 g6 4. Bg2 Bg7 5. c3 Nf6 6. d4 cxd4 7. cxd4 O-O 8. Nbc3
Bg4 9. e5 Ne8 10. Bxb7 Nd7 11. f4 Rb8 12. Bg2 Nc7 13. O-O Nb6 14. h3 Be6 15. g4
Bd5 16. Nxd5 Nbxd5 17. Nc3 e6 18. Ne4 dxe5 19. fxe5 f5 20. Nc5 Qe7 21. Re1 Kh8
22. b3 fxg4 23. Qxg4 Rf5 24. Bd2 Bxe5 25. Kh1 Bf4 26. Bxf4 Rxf4 27. Qg3 Rbf8 28.
Nxe6 Nxe6 29. Bxd5 Qd6 30. Re5 Nxd4 31. Rae1 R4f6 32. Bg2 Nf5 33. Qg5 Qd8 34.
R5e4 Qc7 35. Re5 Qc3 36. Qc1 Qg3 37. Qd2 Nh4 38. Re8 Qxg2+ 39. Qxg2 Nxg2 40.
Rxf8+ Rxf8 41. Kxg2 Rf7 42. Re6 Kg7 43. Ra6 g5 44. Kg3 h5 45. b4 Rd7 46. a4 Rd3+
47. Kf2 Rxh3 48. Rxa7+ Kf6 49. b5 Rb3 50. Rb7 g4 51. a5 h4 52. a6 Rb2+ 53. Ke3
g3 54. a7 g2 55. Rb6+ Ke5 56. a8=Q g1=Q+ 57. Kd3 0-1

[Event "World Blitz 2015"]
[Site "Berlin GER"]
[Date "2015.10.14"]
[Round "19.41"]
[White "Demuth, Adrien"]
[Black "Belov, Vladimir"]
[Result "1/2-1/2"]
[WhiteTitle "GM"]
[BlackTitle "GM"]
[WhiteElo "2545"]
[BlackElo "2614"]
[WhiteFideId "642274"]
[BlackFideId "4132394"]
[EventDate "2015.10.13"]

1. Nf3 d5 2. c4 c6 3. g3 Nf6 4. Bg2 g6 5. b3 Bg7 6. Bb2 O-O 7. O-O Nbd7 8. Nc3
Re8 9. d4 Nb6 10. cxd5 cxd5 11. Rc1 Bf5 12. Ne5 Rc8 13. Qd2 a6 14. Rfd1 Qd6 15.
Nd3 Nbd7 16. Qf4 Qxf4 17. Nxf4 e6 18. Nd3 Bxd3 19. Rxd3 Bf8 20. Rd2 Rc6 21. Rdd1
Rec8 22. Nb1 Rc2 23. Rxc2 Rxc2 24. Rd2 Rc8 25. a3 b5 26. Kf1 Nb6 27. Ke1 Ne4 28.
Bxe4 dxe4 29. Kd1 f5 30. Rc2 Rxc2 31. Kxc2 Kf7 32. Nd2 Bh6 33. e3 Ke7 34. Bc3
Nd5 35. Ba5 Kd7 36. b4 Bf8 37. Nb3 g5 38. Kd2 Be7 39. h3 h5 40. Kc2 Kc6 41. Kd2
Nf6 42. Nc5 Bxc5 43. dxc5 Kd7 44. Bb6 Nd5 45. Ba5 e5 46. Kc2 f4 47. exf4 exf4
48. Kd2 Kc6 49. Bd8 e3+ 50. Ke2 exf2 1/2-1/2

[Event "World Blitz 2015"]
[Site "Berlin GER"]
[Date "2015.10.14"]
[Round "19.42"]
[White "Roiz, Michael"]
[Black "Kunin, Vitaly"]
[Result "1-0"]
[WhiteTitle "GM"]
[BlackTitle "GM"]
[WhiteElo "2600"]
[BlackElo "2556"]
[WhiteFideId "2804158"]
[BlackFideId "4128737"]
[EventDate "2015.10.13"]

1. Nf3 d6 2. d4 Nf6 3. c4 Nbd7 4. Nc3 e5 5. g3 g6 6. Bg2 Bg7 7. O-O O-O 8. e4
exd4 9. Nxd4 Re8 10. h3 Nc5 11. Re1 Bd7 12. Nb3 Nxb3 13. axb3 a6 14. Bf4 Bc6 15.
Qd2 Nd7 16. Bg5 Bf6 17. Bxf6 Qxf6 18. b4 Ne5 19. Qe2 Nd7 20. b5 axb5 21. Rxa8
Rxa8 22. cxb5 1-0

[Event "World Blitz 2015"]
[Site "Berlin GER"]
[Date "2015.10.14"]
[Round "19.43"]
[White "Halkias, Stelios"]
[Black "Salem, A.R. Saleh"]
[Result "0-1"]
[WhiteTitle "GM"]
[BlackTitle "GM"]
[WhiteElo "2534"]
[BlackElo "2624"]
[WhiteFideId "4201809"]
[BlackFideId "9301348"]
[EventDate "2015.10.13"]

1. Nf3 c5 2. c4 Nf6 3. Nc3 d5 4. cxd5 Nxd5 5. d4 Nxc3 6. bxc3 g6 7. e4 Bg7 8.
Rb1 O-O 9. Be2 b6 10. O-O Bb7 11. Qd3 e6 12. Bg5 Qc7 13. Qe3 Nd7 14. e5 Rac8 15.
Rbc1 f6 16. exf6 Nxf6 17. Qxe6+ Kh8 18. Ne5 Ne4 19. Be3 Rce8 20. Qh3 Bxe5 21.
dxe5 Qxe5 22. Bc4 Bc8 23. Qh4 Be6 24. Bxe6 Qxe6 25. c4 Nd6 26. Bd2 Nf5 27. Bc3+
Kg8 28. Qg5 Qe7 29. Qd2 Rd8 30. Qb2 Rfe8 31. h3 Qe4 32. Rfe1 Qc6 33. Bf6 Rxe1+
34. Rxe1 Rf8 35. Re5 Qxf6 36. Qe2 Nd4 37. Qe3 Rf7 38. Re8+ Kg7 39. Re5 Nf5 40.
Qe1 Re7 41. f4 Rxe5 42. fxe5 Qe6 43. Qe4 Nd4 44. Qb7+ Kh6 45. Qe4 g5 46. h4 gxh4
47. Qxh4+ Kg6 48. Qe4+ Qf5 49. Qe3 Ne6 50. g3 Qb1+ 51. Kh2 Qc2+ 52. Kh3 Qxc4 53.
Qf3 Ng5+ 0-1

[Event "World Blitz 2015"]
[Site "Berlin GER"]
[Date "2015.10.14"]
[Round "19.44"]
[White "Grigoriants, Sergey"]
[Black "Bocharov, Dmitry"]
[Result "0-1"]
[WhiteTitle "GM"]
[BlackTitle "GM"]
[WhiteElo "2603"]
[BlackElo "2560"]
[WhiteFideId "4130804"]
[BlackFideId "4138716"]
[EventDate "2015.10.13"]

1. e4 d6 2. d4 Nf6 3. Nc3 g6 4. Nf3 Bg7 5. Be3 a6 6. Qd2 b5 7. Bd3 Bb7 8. a3
Nbd7 9. Bh6 O-O 10. O-O c5 11. Bxg7 Kxg7 12. d5 e6 13. dxe6 fxe6 14. Rfe1 Qc7
15. Rad1 Rad8 16. Ng5 Rfe8 17. f4 c4 18. Bf1 Nc5 19. Kh1 h6 20. Nf3 Bxe4 21. Nd4
Ba8 22. Qe3 e5 23. fxe5 dxe5 24. Qg3 Nh5 25. Nf5+ Kh7 26. Qh4 Rf8 27. Rxd8 Rxd8
28. Be2 gxf5 29. Qxh5 Rf8 30. Rd1 Qg7 31. Bf3 e4 32. Be2 e3 33. Bf3 Ne4 34. Nxe4
Bxe4 35. Bxe4 fxe4 36. Qh3 Rf2 37. Rg1 e2 38. Qe3 Qf6 39. Qxe4+ Kg7 40. Qg4+ Kf7
41. Qd7+ Kg6 42. Qg4+ Qg5 43. Qe4+ Qf5 44. Qe8+ Kg7 45. Qe7+ Qf7 46. Qe5+ Qf6
47. Qg3+ Kh7 48. Qc7+ Qf7 49. Qe5 Qb7 50. h3 Qg7 51. Qe4+ Qg6 52. Qe7+ Qf7 53.
Qe4+ Qf5 54. Qe7+ Kg6 55. Qe8+ Kg5 56. Qe3+ Qf4 57. Qe7+ Kg6 58. Qe6+ Qf6 59.
Qg4+ Kh7 60. Qd7+ Qf7 61. Qc6 h5 62. Qe4+ Qg6 63. Qe7+ Qf7 64. Qe4+ Qf5 65. Qe7+
Kh6 66. Qe3+ Qf4 67. Qe6+ Kg5 68. Qe7+ Qf6 69. Qe3+ Kg6 70. Qe8+ Kg7 71. Qd7+
Kh6 72. Qe8 h4 73. Qe4 Qf4 74. Qe6+ Qf6 75. Qe4 a5 76. b3 c3 77. Qe3+ Kg7 78.
Qe4 Kh6 79. b4 axb4 80. Qe3+ Kh5 81. Qc5+ Qf5 82. Qc6 Qxc2 83. Qc5+ Qf5 84. Qe3
Qf6 85. Qc5+ Kh6 86. Qe3+ Kh7 87. Qe4+ Kg7 88. Qxb4 Rf1 89. Qe4 b4 90. axb4 Kf8
91. Qxe2 Rxg1+ 92. Kxg1 Qd4+ 93. Kh1 Qd2 94. Qf3+ Ke7 95. Qe4+ Kd6 96. b5 0-1